सदी के प्रशन / (Record no. 112939)

MARC details
000 -LEADER
fixed length control field 01155nam a22002777a 4500
003 - CONTROL NUMBER IDENTIFIER
control field dpl
005 - DATE AND TIME OF LATEST TRANSACTION
control field 20180807123341.0
008 - FIXED-LENGTH DATA ELEMENTS--GENERAL INFORMATION
fixed length control field 180807b xxu||||| |||| 00| 0 eng d
010 ## - LIBRARY OF CONGRESS CONTROL NUMBER
LC control number B-142089
020 ## - INTERNATIONAL STANDARD BOOK NUMBER
Terms of availability 120.00
International Standard Book Number 8126310944
035 ## - SYSTEM CONTROL NUMBER
System control number B-142089, B-142090
037 ## - SOURCE OF ACQUISITION
Source of stock number/acquisition Cen Lib/Ret
040 ## - CATALOGING SOURCE
Original cataloging agency DPL
Language of cataloging HN
Transcribing agency 0
082 ## - DEWEY DECIMAL CLASSIFICATION NUMBER
Classification number 824
Item number भाटिया
100 ## - MAIN ENTRY--PERSONAL NAME
Personal name भाटिया, जितेन्द्र
9 (RLIN) 6449
245 ## - TITLE STATEMENT
Title सदी के प्रशन /
Statement of responsibility, etc जितेन्द्र भाटिया
246 ## - VARYING FORM OF TITLE
Title proper/short title Sadi ke prashan /
Remainder of title by JItendra Bhatiya
260 ## - PUBLICATION, DISTRIBUTION, ETC. (IMPRINT)
Place of publication, distribution, etc नयी दिल्ली
Name of publisher, distributor, etc भारतीय ज्ञानपीठ
Date of publication, distribution, etc 2004
270 ## - ADDRESS
Address 18, इंस्टीत्युश्नल एरिया
City नयी दिल्ली
Postal code 110003
300 ## - PHYSICAL DESCRIPTION
Extent 131पृ.
Dimensions 20सेमी (सजिल्द)
650 ## - SUBJECT ADDED ENTRY--TOPICAL TERM
Topical term or geographic name as entry element हिंदी साहित्य
9 (RLIN) 49813
650 ## - SUBJECT ADDED ENTRY--TOPICAL TERM
Topical term or geographic name as entry element निबंध संग्रह
General subdivision व्यंग्य
9 (RLIN) 49814
650 ## - SUBJECT ADDED ENTRY--TOPICAL TERM
Topical term or geographic name as entry element Hindi Literature
9 (RLIN) 49815
650 ## - SUBJECT ADDED ENTRY--TOPICAL TERM
Topical term or geographic name as entry element Essay Collection
General subdivision Squid
9 (RLIN) 49816
942 ## - ADDED ENTRY ELEMENTS (KOHA)
Source of classification or shelving scheme Dewey Decimal Classification
Koha item type Hindi Books
Classification part 824
Call number suffix भाटिया
Holdings
Withdrawn status Lost status Damaged status Not for loan Home library Current library Date acquired Source of acquisition Cost, normal purchase price Total Checkouts Full call number Barcode Date last seen Copy number Cost, replacement price Price effective from Koha item type Source of classification or shelving scheme Collection code
        Central Library Central Library 11/08/2015 Cen Lib/Ret 120.00   824 भाटिया B-142089 11/08/2015 1 120.00 11/08/2015 Hindi Books    
        Patel Nagar Patel Nagar 07/08/2018 BPPD/PUB 120.00   824 भाटिया B-142090 07/08/2018   120.00 07/08/2018 Hindi Books Dewey Decimal Classification Non-fiction

© Delhi Public Library
Hit Counter
free hit counter